10. dokumentum magyar állásfoglalás az Olaszország ellen tervezett szakciók ügyében : báró Velics László felszólalása : Genf, 1935. október 9.

Elmentve itt :
Bibliográfiai részletek
További közreműködők: Szélinger Balázs
Dokumentumtípus: Könyv része
Megjelent: 1999
Sorozat:Documenta Historica
"A Népszövetség halála" : dokumentumok az olasz-etióp konfliktus történetéből (1935-1936)
Kulcsszavak:Olaszország története - 1935-1936 - forrás, Etiópia története - 20. sz. - forrás, Politika - nemzetközi - Olaszország
Tárgyszavak:
Online Access:http://acta.bibl.u-szeged.hu/10868
LEADER 01000naa a2200217 i 4500
001 acta10868
005 20211208112018.0
008 161015s1999 hu o 0|| hun d
022 |a 1216-0954 
040 |a SZTE Egyetemi Kiadványok Repozitórium  |b hun 
041 |a hun 
245 0 0 |a 10. dokumentum   |h [elektronikus dokumentum] :  |b magyar állásfoglalás az Olaszország ellen tervezett szakciók ügyében : báró Velics László felszólalása : Genf, 1935. október 9. 
260 |c 1999 
300 |a 50-51 
490 0 |a Documenta Historica 
490 0 |a "A Népszövetség halála" : dokumentumok az olasz-etióp konfliktus történetéből (1935-1936) 
650 4 |a Bölcsészettudományok 
650 4 |a Történettudomány és régészet 
695 |a Olaszország története - 1935-1936 - forrás, Etiópia története - 20. sz. - forrás, Politika - nemzetközi - Olaszország 
700 0 1 |a Szélinger Balázs 
856 4 0 |u http://acta.bibl.u-szeged.hu/10868/1/doc_044_050-051.pdf  |z Dokumentum-elérés